Statistics for French - Transport

Click here to take the quiz!

General Stats

  • This quiz has been taken 55 times
  • The average score is 9 of 15

Answer Stats

FrenchEnglish% Correct
autobusBus
100%
voitureCar
93%
bicyletteBicycle
88%
avionPlane
88%
bateauBoat
80%
véloBicycle
73%
caravaneCaravan
65%
autoCar
55%
carCoach
53%
à piedOn Foot
53%
motoMotorbike
48%
transport en communPublic Transport
40%
mobyletteMoped
33%
camionLorry
30%
camionetteCampervan
5%

Score Distribution

Percentile by Number Answered

Percent of People with Each Score

Your Score History

You have not taken this quiz